[Event "91 Bristol Open Congress"]
[Site "Bristol, United Kingdom"]
[Date "2025.03.28"]
[Round "1.1"]
[White "Arkell, Keith C"]
[Black "Moore, Gerald"]
[Result "1-0"]
[WhiteElo "2424"]
[BlackElo "2063"]
[PlyCount "65"]
[GameId "2163236403971655"]
[EventDate "2025.03.28"]
[SourceVersionDate "2025.04.02"]

1. Nf3 f5 2. d4 Nf6 3. c4 g6 4. g3 Bg7 5. Bg2 O-O 6. O-O d6 7. Nc3 c6 8. Rb1 Qc7 9. b4 e5 10. c5 e4 11. cxd6 Qxd6 12. Ne5 Be6 13. Bf4 Qe7 14. Qd2 Nbd7 15. Nxd7 Qxd7 16. Be5 Nd5 17. Bxg7 Kxg7 18. e3 Nxc3 19. Qxc3 Kg8 20. a4 a6 21. Rfc1 Bd5 22. b5 cxb5 23. axb5 Rfc8 24. Qb4 axb5 25. Bf1 Rxc1 26. Rxc1 Bc6 27. Rb1 Rd8 28. Bxb5 Bxb5 29. Qxb5 Qxb5 30. Rxb5 Rd7 31. h3 Kf7 32. g4 Kf6 33. Kg2 1-0

[Event "91 Bristol Open Congress"]
[Site "Bristol, United Kingdom"]
[Date "2025.03.28"]
[Round "1.2"]
[White "Pick, Freddie"]
[Black "Badacsonyi, Stanley"]
[Result "0-1"]
[WhiteElo "2055"]
[BlackElo "2420"]
[PlyCount "60"]
[GameId "2162880247059350"]
[EventDate "2025.03.28"]
[SourceVersionDate "2025.04.02"]

1. e4 e6 2. d4 d5 3. Nd2 h6 4. Ngf3 Nf6 5. e5 Nfd7 6. Bd3 c5 7. c3 Nc6 8. Nf1 Qb6 9. Qb3 Qxb3 10. axb3 cxd4 11. cxd4 Nb4 12. Bb1 b6 13. Be3 a5 14. Ng3 Ba6 15. Kd2 Rc8 16. Ne1 Be7 17. Nd3 Nxd3 18. Bxd3 Bb4+ 19. Ke2 Rc2+ 20. Kf3 Bxd3 21. Rac1 O-O 22. Rxc2 Bxc2 23. Rc1 Bxb3 24. Rc7 Ba4 25. Ne2 Bb5 26. Nc3 Bxc3 27. bxc3 Ra8 28. Bc1 Kf8 29. Ba3+ Ke8 30. Ke3 Kd8 0-1

[Event "91 Bristol Open Congress"]
[Site "Bristol, United Kingdom"]
[Date "2025.03.28"]
[Round "1.3"]
[White "Liu, Jack"]
[Black "Maton, Emily"]
[Result "1/2-1/2"]
[WhiteElo "2285"]
[BlackElo "2049"]
[PlyCount "198"]
[GameId "2162881151566753"]
[EventDate "2025.03.28"]
[SourceVersionDate "2025.04.02"]

1. e4 e6 2. d4 d5 3. Nc3 Bb4 4. e5 c5 5. a3 Bxc3+ 6. bxc3 Ne7 7. Qg4 Qc7 8. Qxg7 Rg8 9. Qxh7 cxd4 10. Ne2 Nbc6 11. f4 dxc3 12. Nxc3 a6 13. Qd3 Bd7 14. Rb1 Rc8 15. Bd2 Na5 16. h4 Nf5 17. Rh3 Nc4 18. Rb3 Na5 19. Rb4 Nc4 20. a4 Nxd2 21. Qxd2 Ng3 22. Rb3 Nxf1 23. Kxf1 Qc4+ 24. Kg1 b5 25. axb5 axb5 26. Rd3 b4 27. Ne2 Qxc2 28. Qxc2 Rxc2 29. Rxb4 Rg4 30. Kf2 Rxh4 31. Rc3 Rxc3 32. Nxc3 Bc6 33. Ne2 Rh1 34. Nd4 Kd7 35. Rb6 Rc1 36. g4 Rc4 37. Ke3 Rc3+ 38. Kd2 Rc4 39. Kd3 Kc7 40. Rb1 Rc5 41. f5 Kd7 42. Ra1 exf5 43. Ra7+ Ke8 44. gxf5 Rc1 45. e6 fxe6 46. fxe6 Rd1+ 47. Kc3 Rc1+ 48. Kd2 Rc4 49. Ke3 Kf8 50. Rh7 Be8 51. Rh2 Ke7 52. Rh7+ Kf8 53. Rb7 Bc6 54. Rb6 Be8 55. Rd6 Ke7 56. Rxd5 Rc7 57. Kf4 Bf7 58. Ke5 Bxe6 59. Nxe6 Rc1 60. Ng5 Re1+ 61. Ne4 Kf7 62. Rd6 Ke7 63. Ra6 Kd7 64. Rd6+ Kc7 65. Rd3 Kc6 66. Rd4 Kc7 67. Ke6 Kc6 68. Ke5 Kc7 69. Kd5 Rh1 70. Rc4+ Kd7 71. Nc5+ Ke7 72. Re4+ Kf6 73. Nd7+ Kf5 74. Re5+ Kf4 75. Ke6 Ra1 76. Nc5 Ra3 77. Re4+ Kf3 78. Rc4 Ra8 79. Nd7 Ke3 80. Nf6 Kd3 81. Rh4 Ke3 82. Ke5 Ra5+ 83. Nd5+ Kf3 84. Rf4+ Kg3 85. Rf8 Kg4 86. Ke4 Ra4+ 87. Kd3 Ra3+ 88. Nc3 Ra7 89. Ke3 Ra3 90. Kd4 Ra7 91. Kd3 Ra3 92. Rf1 Ra8 93. Ke3 Ra3 94. Kd3 Ra8 95. Ne2 Ra3+ 96. Ke4 Kg5 97. Rf5+ Kg4 98. Rf4+ Kg5 99. Nd4 Ra4 1/2-1/2

[Event "91 Bristol Open Congress"]
[Site "Bristol, United Kingdom"]
[Date "2025.03.28"]
[Round "1.4"]
[White "Baer, Bruce"]
[Black "Badacsonyi, Frankie"]
[Result "0-1"]
[WhiteElo "2037"]
[BlackElo "2275"]
[PlyCount "64"]
[GameId "2162884733957379"]
[EventDate "2025.03.28"]
[SourceVersionDate "2025.04.02"]

1. d3 d5 2. Nf3 c6 3. g3 Bg4 4. Nbd2 Nd7 5. Bg2 e6 6. O-O Bd6 7. b3 Ne7 8. Bb2 O-O 9. h3 Bh5 10. e4 a5 11. a4 f6 12. Qe1 e5 13. Nh4 Qc7 14. Nf5 Nxf5 15. exf5 Rae8 16. g4 Bf7 17. Kh1 g6 18. Qe2 Qc8 19. fxg6 Bxg6 20. h4 Bb8 21. Rg1 e4 22. d4 f5 23. Bh3 f4 24. h5 Bf7 25. Nf1 Qd8 26. g5 f3 27. Qe1 Bxh5 28. Bc1 Bg6 29. Ne3 Bf4 30. Bxd7 Qxd7 31. Ng4 e3 32. fxe3 f2 0-1

[Event "91 Bristol Open Congress"]
[Site "Bristol, United Kingdom"]
[Date "2025.03.28"]
[Round "1.6"]
[White "Billings, Alex"]
[Black "Murawski, Jan"]
[Result "0-1"]
[WhiteElo "2023"]
[BlackElo "2252"]
[PlyCount "60"]
[GameId "2162885947614555"]
[EventDate "2025.03.28"]
[SourceVersionDate "2025.04.02"]

1. d4 Nf6 2. Bg5 d5 3. Bxf6 exf6 4. e3 c5 5. c4 cxd4 6. Qxd4 Qa5+ 7. Nc3 dxc4 8. Bxc4 Nc6 9. Qd5 Qc7 10. Nf3 Be6 11. Qb5 a6 12. Qa4 Bxc4 13. Qxc4 Bd6 14. O-O O-O 15. Ne4 Rfd8 16. Nxd6 Qxd6 17. h3 Rac8 18. Rfd1 Qxd1+ 19. Rxd1 Rxd1+ 20. Kh2 Rcd8 21. Qe4 g6 22. a3 Kg7 23. b4 Ra1 24. Nd4 Nxd4 25. exd4 Rxa3 26. Qxb7 Rxd4 27. b5 axb5 28. Qxb5 Rd2 29. Qc5 Raa2 30. Kg3 Rxf2 0-1

[Event "91 Bristol Open Congress"]
[Site "Bristol, United Kingdom"]
[Date "2025.03.28"]
[Round "1.7"]
[White "Hill, Alistair"]
[Black "He, Canzhou"]
[Result "1-0"]
[WhiteElo "2225"]
[BlackElo "2010"]
[PlyCount "61"]
[GameId "2162886907360627"]
[EventDate "2025.03.28"]
[SourceVersionDate "2025.04.02"]

1. e4 c5 2. Nf3 e6 3. d4 cxd4 4. Nxd4 Nf6 5. Nc3 Nc6 6. Ndb5 Bc5 7. Nd6+ Ke7 8. Bf4 e5 9. Nf5+ Kf8 10. Be3 Bb4 11. Ng3 d5 12. exd5 Nxd5 13. Bd2 Nxc3 14. bxc3 Be7 15. Bc4 Na5 16. Bd3 Be6 17. O-O Rc8 18. Re1 f6 19. f4 Bd6 20. Qf3 Bd5 21. Qg4 Nc4 22. Bc1 Qb6+ 23. Kh1 Rc7 24. Qe2 Qc6 25. Nf5 exf4 26. Nxd6 Nxd6 27. Bxf4 Bf7 28. Rad1 Rd7 29. Bxd6+ Rxd6 30. Qe7+ Kg8 31. Bc4 1-0

[Event "91 Bristol Open Congress"]
[Site "Bristol, United Kingdom"]
[Date "2025.03.28"]
[Round "1.8"]
[White "Gibbs, Dominic"]
[Black "Saunders, Aron"]
[Result "0-1"]
[WhiteElo "1998"]
[BlackElo "2198"]
[PlyCount "106"]
[GameId "2162887947363712"]
[EventDate "2025.03.28"]
[SourceVersionDate "2025.04.02"]

1. e4 c6 2. d3 d5 3. Nd2 e5 4. Ngf3 Bd6 5. g3 Nf6 6. Bg2 O-O 7. O-O Re8 8. c3 Nbd7 9. Qc2 a5 10. a4 b6 11. Re1 Ba6 12. Nb3 Qc7 13. Nh4 Rad8 14. Nf5 Bf8 15. Bg5 h6 16. Be3 dxe4 17. dxe4 Ng4 18. Rad1 g6 19. Nh4 Nxe3 20. Rxe3 Nc5 21. Nxc5 Rxd1+ 22. Qxd1 Bxc5 23. Re1 Rd8 24. Qc1 Qd6 25. Nf3 Kg7 26. Bf1 Bc8 27. Be2 f6 28. Rd1 Qc7 29. Rxd8 Qxd8 30. Qd2 Qe7 31. Bc4 Bh3 32. Ne1 h5 33. Nd3 Qd7 34. Qc2 Bd6 35. f3 Qe7 36. Qf2 Bb8 37. Kh1 Ba7 38. Qe2 Qd6 39. Nf2 Bd7 40. Kg2 Bb8 41. Qd3 Qe7 42. Ba2 Qe8 43. Qc4 Bd6 44. Nd3 Bc8 45. b4 f5 46. bxa5 fxe4 47. Qxe4 Bf5 48. Qc4 e4 49. Qd4+ Kh7 50. fxe4 Qxe4+ 51. Qxe4 Bxe4+ 52. Kh3 Bxd3 53. axb6 Bf1+ 0-1

[Event "91 Bristol Open Congress"]
[Site "Bristol, United Kingdom"]
[Date "2025.03.28"]
[Round "1.9"]
[White "Payne, Matthew"]
[Black "Lesniowski, Paul"]
[Result "1-0"]
[WhiteElo "2176"]
[BlackElo "1970"]
[PlyCount "73"]
[GameId "2162889728329120"]
[EventDate "2025.03.28"]
[SourceVersionDate "2025.04.02"]

1. e4 c5 2. Nc3 Nc6 3. Bb5 Nd4 4. Nf3 e6 5. O-O a6 6. Bd3 Ne7 7. Nxd4 cxd4 8. Ne2 Nc6 9. c3 Bc5 10. b4 Be7 11. Nxd4 Nxd4 12. cxd4 Bxb4 13. Rb1 Be7 14. f4 d5 15. e5 g6 16. Ba3 b5 17. Qb3 O-O 18. Rfc1 Bd7 19. Bc5 Rc8 20. Be2 Bxc5 21. dxc5 d4 22. Qa3 f6 23. Qxa6 Rc6 24. Qxb5 fxe5 25. Bf3 Rc7 26. c6 Bc8 27. Qxe5 Rf5 28. Qe4 Qd6 29. g3 Rc5 30. Rxc5 Qxc5 31. Qe5 Qa7 32. Rb7 Rxb7 33. cxb7 Bxb7 34. Qxe6+ Kf8 35. Qf6+ Ke8 36. Qh8+ Kd7 37. Qxh7+ 1-0

[Event "91 Bristol Open Congress"]
[Site "Bristol, United Kingdom"]
[Date "2025.03.28"]
[Round "1.10"]
[White "Freeman, Richard"]
[Black "Chan, Sheng Liang Bernard"]
[Result "0-1"]
[WhiteElo "1965"]
[BlackElo "2174"]
[PlyCount "148"]
[GameId "2162893139740121"]
[EventDate "2025.03.28"]
[SourceVersionDate "2025.04.02"]

1. e4 c5 2. Nc3 d6 3. f4 Nc6 4. Nf3 g6 5. Bc4 Bg7 6. O-O e6 7. d3 Nge7 8. Qe1 Nd4 9. Nxd4 cxd4 10. Ne2 O-O 11. Bb3 a5 12. a4 Nc6 13. f5 exf5 14. Ng3 fxe4 15. Nxe4 d5 16. Bg5 f6 17. Bf4 Ne5 18. Qg3 Bf5 19. Rae1 Re8 20. Nd2 Qd7 21. Nf3 Nxf3+ 22. Qxf3 Red8 23. Qf2 Be6 24. Qxd4 Bf7 25. Re2 Qg4 26. Qf2 Bf8 27. Rfe1 Kg7 28. Qg3 Qh5 29. Qf2 Ra6 30. Kh1 Qg4 31. Qg3 Qf5 32. Rf2 Qh5 33. Rfe2 Rc8 34. Be3 Rac6 35. Bd4 Bd6 36. Qh3 Qxh3 37. gxh3 Bc5 38. Bxc5 Rxc5 39. Re7 R8c7 40. Kg2 Kf8 41. Rxc7 Rxc7 42. Kf3 d4 43. Bxf7 Kxf7 44. Re2 f5 45. h4 Kf6 46. Kf4 h6 47. h3 Rc5 48. Rg2 Rc7 49. Re2 Rc6 50. b3 Rc7 51. Re8 Rxc2 52. Rd8 g5+ 53. hxg5+ hxg5+ 54. Kf3 Rb2 55. Rxd4 Rxb3 56. Rd6+ Ke5 57. Rd8 b6 58. Re8+ Kd4 59. Rd8+ Kc5 60. Ke3 Kb4 61. Rd5 Kxa4 62. Rxf5 Rb5 63. Rf2 Rb4 64. Rf5 Rh4 65. Rxg5 Rxh3+ 66. Kd2 b5 67. d4 b4 68. d5 Rh6 69. Kd3 b3 70. Rg2 Ka3 71. Kc3 Rh3+ 72. Kc4 b2 73. Rg1 Ka2 74. Rg2 Ka1 0-1

[Event "91 Bristol Open Congress"]
[Site "Bristol, United Kingdom"]
[Date "2025.03.28"]
[Round "1.11"]
[White "Kothari, Jai"]
[Black "Miller, George"]
[Result "1-0"]
[WhiteElo "2165"]
[BlackElo "1951"]
[PlyCount "63"]
[GameId "2162967280375315"]
[EventDate "2025.03.28"]
[SourceVersionDate "2025.04.02"]

1. e4 c6 2. d4 d5 3. exd5 cxd5 4. Bd3 Nc6 5. c3 Nf6 6. Bf4 Bg4 7. Qb3 Qd7 8. Nd2 e6 9. Ngf3 Bd6 10. Bxd6 Qxd6 11. O-O O-O 12. Rae1 Bxf3 13. Nxf3 a6 14. Qc2 Rfc8 15. Qe2 b5 16. a3 Na5 17. Ne5 Nc4 18. f4 a5 19. Rf3 b4 20. axb4 axb4 21. g4 bxc3 22. bxc3 Ra4 23. g5 Ne4 24. Bxc4 Raxc4 25. Nxc4 Rxc4 26. Qa2 Qc6 27. Qa5 g6 28. Rb1 Rxc3 29. Qd8+ Kg7 30. Rb8 Rc1+ 31. Kg2 Qc2+ 32. Kh3 1-0

[Event "91 Bristol Open Congress"]
[Site "Bristol, United Kingdom"]
[Date "2025.03.28"]
[Round "1.12"]
[White "Hu, Junyan"]
[Black "Bicknell, Carl"]
[Result "0-1"]
[WhiteElo "1934"]
[BlackElo "2150"]
[PlyCount "120"]
[GameId "2162968964228938"]
[EventDate "2025.03.28"]
[SourceVersionDate "2025.04.02"]

1. e4 e5 2. Nf3 Nc6 3. Bc4 Nf6 4. Ng5 d5 5. exd5 Na5 6. Bb5+ c6 7. dxc6 bxc6 8. Bd3 Nd5 9. Nf3 Bd6 10. O-O O-O 11. Re1 Qc7 12. Bf1 Bg4 13. h3 Bh5 14. d3 f5 15. c4 Nf6 16. Nbd2 c5 17. Qc2 Nc6 18. b3 Rae8 19. Bb2 Qc8 20. Be2 Bb8 21. Nf1 Bg6 22. Bc3 h6 23. Qb2 Qc7 24. a3 a5 25. Rac1 Rd8 26. Rcd1 Rfe8 27. Qa1 Bh7 28. Qb2 Ba7 29. Qa1 Rb8 30. Qa2 Qb6 31. Rb1 Kh8 32. Bd1 Qc7 33. Bc2 Nd4 34. Bxd4 cxd4 35. b4 e4 36. N3d2 e3 37. Nf3 f4 38. c5 Rbd8 39. Qb2 Qd7 40. Qb3 g5 41. Qc4 axb4 42. axb4 g4 43. hxg4 Nxg4 44. fxe3 fxe3 45. Re2 Bg8 46. Qa6 Re6 47. Qa4 Qe7 48. Qa1 Bb8 49. Bb3 Rg6 50. Bxg8 Kxg8 51. Nxd4 Rf8 52. Qa2+ Kh7 53. Qd5 Qh4 54. Qb7+ Kh8 55. Nf3 Qh5 56. Rbb2 Be5 57. Rb1 Rg7 58. Qc6 Rxf3 59. Qa8+ Kh7 60. Qe4+ Rf5 0-1

[Event "91 Bristol Open Congress"]
[Site "Bristol, United Kingdom"]
[Date "2025.03.28"]
[Round "1.13"]
[White "Garcia, Oscar"]
[Black "Guilfoyle, John"]
[Result "1-0"]
[WhiteElo "2150"]
[BlackElo "1922"]
[PlyCount "79"]
[GameId "2162971637238269"]
[EventDate "2025.03.28"]
[SourceVersionDate "2025.04.02"]

1. e4 c5 2. c3 e6 3. d4 d5 4. exd5 exd5 5. Be3 c4 6. Nf3 Nf6 7. b3 cxb3 8. axb3 h6 9. Ne5 Be6 10. Be2 Bd6 11. O-O O-O 12. Nd2 Nbd7 13. f4 Bf5 14. Bf3 Ne4 15. Nxe4 Bxe4 16. Bxe4 dxe4 17. Nc4 Nb6 18. Nxd6 Qxd6 19. c4 Qc7 20. f5 f6 21. Qg4 Kh8 22. Qxe4 Rfe8 23. Qf3 a6 24. Rad1 Nd7 25. Rd3 Rad8 26. Rfd1 b6 27. Bf4 Qc8 28. Qg4 Nf8 29. Rg3 Qd7 30. Bxh6 Re7 31. d5 Nh7 32. Bf4 Rde8 33. Qh5 Re1+ 34. Rxe1 Rxe1+ 35. Kf2 Ra1 36. Re3 Kg8 37. d6 Nf8 38. Re7 Ra2+ 39. Ke3 Qc6 40. Qf7+ 1-0

[Event "91 Bristol Open Congress"]
[Site "Bristol, United Kingdom"]
[Date "2025.03.28"]
[Round "1.14"]
[White "Perrin, Brent"]
[Black "Beaumont, Chris"]
[Result "1/2-1/2"]
[WhiteElo "1918"]
[BlackElo "2134"]
[PlyCount "99"]
[GameId "2162973020134033"]
[EventDate "2025.03.28"]
[SourceVersionDate "2025.04.02"]

1. e4 c5 2. Nf3 g6 3. c3 d5 4. exd5 Qxd5 5. d4 Bg7 6. Be2 cxd4 7. cxd4 Nf6 8. O-O O-O 9. Nc3 Qd6 10. Be3 Na6 11. Qd2 Nb4 12. Rfd1 Nbd5 13. Nxd5 Nxd5 14. Bh6 Rd8 15. Bxg7 Kxg7 16. h3 Be6 17. Rac1 Nf4 18. Bc4 Rac8 19. Bxe6 Rxc1 20. Rxc1 Nxe6 21. Rd1 Nf4 22. a3 Nd5 23. Qe2 Rc8 24. Qe5+ f6 25. Qxd6 exd6 26. g3 Kf7 27. Kf1 Nb6 28. Ke2 Nc4 29. Rb1 Ke6 30. Kd3 b5 31. Nd2 Nxd2 32. Re1+ Kd5 33. Kxd2 Rc7 34. b3 a5 35. Re8 Kxd4 36. Re6 d5 37. Rxf6 a4 38. Rf4+ Ke5 39. bxa4 bxa4 40. Rxa4 d4 41. Ra8 Rb7 42. Re8+ Kd5 43. Rd8+ Ke4 44. Re8+ Kf3 45. Rf8+ Kg2 46. h4 Ra7 47. Kd3 Rxa3+ 48. Kxd4 Rf3 49. Rxf3 Kxf3 50. Ke5 1/2-1/2

[Event "91 Bristol Open Congress"]
[Site "Bristol, United Kingdom"]
[Date "2025.03.28"]
[Round "1.15"]
[White "Ashworth, Michael"]
[Black "Mize, Dylan"]
[Result "1-0"]
[WhiteElo "2133"]
[BlackElo "1906"]
[PlyCount "37"]
[GameId "2162974486379214"]
[EventDate "2025.03.28"]
[SourceVersionDate "2025.04.02"]

1. d4 Nf6 2. c4 c5 3. d5 e5 4. Nc3 d6 5. e4 Be7 6. g3 O-O 7. Bg2 Ne8 8. Nge2 Nd7 9. O-O g6 10. Be3 Ng7 11. f4 exf4 12. Bxf4 Nh5 13. Bh6 Re8 14. Nf4 Ng7 15. Nd3 Bg5 16. Bxg5 Qxg5 17. Nb5 Qd8 18. Nxd6 Rf8 19. Qf3 1-0

[Event "91 Bristol Open Congress"]
[Site "Bristol, United Kingdom"]
[Date "2025.03.28"]
[Round "1.16"]
[White "Turner, George"]
[Black "Vaidyanathan, Adithya"]
[Result "0-1"]
[WhiteElo "1882"]
[BlackElo "2133"]
[PlyCount "100"]
[GameId "2162975176366809"]
[EventDate "2025.03.28"]
[SourceVersionDate "2025.04.02"]

1. e4 c5 2. Nf3 Nc6 3. Bb5 g6 4. O-O Bg7 5. Re1 Nf6 6. c3 O-O 7. d4 d5 8. exd5 Qxd5 9. c4 Qd6 10. Bxc6 bxc6 11. dxc5 Qxc5 12. Qd4 Qh5 13. Qh4 Qxh4 14. Nxh4 Be6 15. Nd2 Nd7 16. Nhf3 Rab8 17. Nb3 c5 18. Bf4 Rb4 19. Ne5 Nxe5 20. Bxe5 Rxc4 21. Bxg7 Kxg7 22. Rec1 Rxc1+ 23. Rxc1 c4 24. Nd4 Bd5 25. f3 Rb8 26. Rc2 Kf6 27. Kf2 Ke5 28. Ke3 f5 29. f4+ Kd6 30. g3 e5 31. fxe5+ Kxe5 32. h4 Kd6 33. Kf4 a5 34. h5 Kc5 35. Ne2 Be4 36. Rd2 Bd3 37. hxg6 hxg6 38. Kg5 Re8 39. Nf4 Re3 40. Rg2 Be4 41. Rg1 a4 42. Kxg6 a3 43. bxa3 c3 44. Kf6 c2 45. Rc1 Rxg3 46. Ke5 Rxa3 47. Ne6+ Kc4 48. Ng5 Kc3 49. Nxe4+ fxe4 50. Kxe4 Kb2 0-1

[Event "91 Bristol Open Congress"]
[Site "Bristol, United Kingdom"]
[Date "2025.03.28"]
[Round "1.17"]
[White "White, Stuart"]
[Black "Kendall, Arthur"]
[Result "0-1"]
[WhiteElo "2124"]
[BlackElo "1862"]
[PlyCount "54"]
[GameId "2162977544354723"]
[EventDate "2025.03.28"]
[SourceVersionDate "2025.04.02"]

1. c4 Nf6 2. Nf3 g6 3. Nc3 Bg7 4. d4 O-O 5. e4 d6 6. Be2 e5 7. d5 a5 8. Bg5 h6 9. Bh4 Na6 10. Nd2 Nc5 11. O-O Bd7 12. b3 Nfxe4 13. Bxd8 Nxc3 14. Bxc7 Nxd1 15. Raxd1 Ra6 16. a3 Rc8 17. Bxd6 Rxd6 18. b4 axb4 19. axb4 Na4 20. Ne4 Rb6 21. Rb1 Bf5 22. f3 Bxe4 23. fxe4 Nc3 24. c5 Nxb1 25. cxb6 Nd2 26. Rd1 Nxe4 27. d6 Rd8 0-1

[Event "91 Bristol Open Congress"]
[Site "Bristol, United Kingdom"]
[Date "2025.03.28"]
[Round "1.18"]
[White "Bevis, Noah"]
[Black "Quaite, Toby"]
[Result "1/2-1/2"]
[WhiteElo "1856"]
[BlackElo "2120"]
[PlyCount "103"]
[GameId "2163028173233742"]
[EventDate "2025.03.28"]
[SourceVersionDate "2025.04.02"]

{[%evp 0,58,11,29,6,-1,25,9,6,6,31,16,25,15,22,16,10,15,-3,3,-3,-8,0,-6,3,0,-138,6,7,0,10,-25,14,87,26,98,49,47,91,23,27,18,14,-20,-34,-28,-2,-4,6,-16,4,-42,12,111,24,-16,193,70,166,190,158]} 1. d4 Nf6 2. Bf4 g6 3. e3 Bg7 4. Nf3 b6 5. h3 Bb7 6. Be2 O-O 7. O-O d6 8. a4 a5 9. Nbd2 Nbd7 10. Nc4 Re8 11. c3 Ne4 12. Qc2 e5 13. Bh2 Qe7 14. Rfe1 Rad8 15. Rad1 Ng5 16. Ncd2 f5 17. Nxg5 Qxg5 18. Nf3 Qf6 19. dxe5 Nxe5 20. Nxe5 dxe5 21. Rxd8 Rxd8 22. Rd1 Bc6 23. b4 Kf8 24. Bf1 Rd6 25. Qb3 Be8 26. bxa5 bxa5 27. Qa3 Ke7 28. Qc5 Kd8 29. Rxd6+ Qxd6 30. Qxa5 Bc6 31. Qa6 Qc5 32. Bc4 Qd6 33. a5 Qc5 34. Bg3 g5 35. Kf1 f4 36. Bh2 Qd6 37. Be2 e4 38. Qc4 Bd5 39. Qb4 Qxb4 40. cxb4 fxe3 41. b5 exf2 42. Kxf2 Bd4+ 43. Kf1 Kd7 44. Bg4+ Kd8 45. Bg3 Bc4+ 46. Be2 Bd5 47. a6 c6 48. Bf2 e3 49. Be1 Bb6 50. Bc3 cxb5 51. Bxb5 Ke7 52. Be5 1/2-1/2

[Event "91 Bristol Open Congress"]
[Site "Bristol, United Kingdom"]
[Date "2025.03.28"]
[Round "1.19"]
[White "Crawford, Owen"]
[Black "Northam, Lawrence"]
[Result "1-0"]
[WhiteElo "2110"]
[BlackElo "1846"]
[PlyCount "33"]
[GameId "2163030506487863"]
[EventDate "2025.03.28"]
[SourceVersionDate "2025.04.02"]

1. e4 e6 2. d4 d5 3. Nd2 dxe4 4. Nxe4 Nd7 5. Nf3 Ngf6 6. Nxf6+ Nxf6 7. g3 b6 8. Bb5+ Bd7 9. a4 a6 10. Be2 c5 11. Ne5 Be7 12. O-O O-O 13. dxc5 Bxc5 14. Bg5 Qe7 15. Ng4 e5 16. Bxf6 gxf6 17. Qxd7 1-0

[Event "91 Bristol Open Congress"]
[Site "Bristol, United Kingdom"]
[Date "2025.03.28"]
[Round "1.20"]
[White "James, Lucas"]
[Black "Davis, Colin"]
[Result "0-1"]
[WhiteElo "1800"]
[BlackElo "2101"]
[PlyCount "42"]
[GameId "2163031068475457"]
[EventDate "2025.03.28"]
[SourceVersionDate "2025.04.02"]

1. e4 d6 2. d4 Nf6 3. Bd3 e5 4. Nf3 exd4 5. Nxd4 g6 6. O-O Bg7 7. Nc3 O-O 8. Bg5 h6 9. Bh4 c6 10. Qe2 Nbd7 11. f4 Qb6 12. Bf2 Qc7 13. Nf3 b5 14. e5 Nh5 15. exd6 Qxd6 16. f5 Nc5 17. Rad1 Nf4 18. Qe3 Ncxd3 19. Bg3 Qb4 20. Rxd3 Nxd3 21. Qxd3 Bxf5 0-1

[Event "91 Bristol Open Congress"]
[Site "Bristol, United Kingdom"]
[Date "2025.03.28"]
[Round "1.21"]
[White "Meek, Stephen"]
[Black "Anjulan, Ashwin"]
[Result "1-0"]
[WhiteElo "2094"]
[BlackElo "1784"]
[PlyCount "83"]
[GameId "2163032547545446"]
[EventDate "2025.03.28"]
[SourceVersionDate "2025.04.02"]

1. e4 e6 2. d4 d5 3. e5 c5 4. c3 Nc6 5. Nf3 Qb6 6. a3 Nh6 7. b4 cxd4 8. cxd4 Nf5 9. Be3 Bd7 10. Bd3 Be7 11. Bxf5 exf5 12. O-O Rc8 13. Qd2 O-O 14. Nc3 Be6 15. Rfc1 a5 16. b5 Na7 17. a4 Rc7 18. Ne2 Bb4 19. Qb2 Rc4 20. Rxc4 dxc4 21. d5 c3 22. Qb3 Bc5 23. Bxc5 Qxc5 24. dxe6 fxe6 25. Qxc3 Qe7 26. Qxa5 Nc8 27. h4 Rd8 28. Nf4 h6 29. h5 Qd7 30. Rc1 b6 31. Qc3 Ne7 32. Qb3 Nd5 33. Nxd5 exd5 34. Rc6 Qe7 35. Rxb6 Kh8 36. Rc6 d4 37. b6 Qb7 38. Rc7 Qb8 39. Qf7 Rg8 40. b7 d3 41. Qxg8+ Qxg8 42. Rc8 1-0

[Event "91 Bristol Open Congress"]
[Site "Bristol, United Kingdom"]
[Date "2025.03.29"]
[Round "2.1"]
[White "Bicknell, Carl"]
[Black "Arkell, Keith C"]
[Result "0-1"]
[WhiteElo "2150"]
[BlackElo "2424"]
[PlyCount "70"]
[GameId "2163239255681144"]
[EventDate "2025.03.28"]
[SourceVersionDate "2025.04.02"]

1. e4 d5 2. exd5 Qxd5 3. Nc3 Qd8 4. d4 Nf6 5. Nf3 Bg4 6. h3 Bxf3 7. Qxf3 c6 8. Be3 e6 9. Bd3 Nbd7 10. O-O Be7 11. Rad1 O-O 12. a3 g6 13. Rfe1 Re8 14. Bc4 Nb6 15. Ba2 Nbd5 16. Bc1 Nxc3 17. Qxc3 Nd5 18. Qf3 b5 19. c3 a5 20. b3 b4 21. cxb4 axb4 22. a4 Nc3 23. Rd2 Bg5 24. Rc2 Bxc1 25. Rexc1 Qxd4 26. Qxc6 Rec8 27. Qf3 Ra5 28. Rd1 Qe5 29. Rd7 Qe1+ 30. Kh2 Rf5 31. Qb7 Qe5+ 32. g3 Rb8 33. Qa7 Rf8 34. Rcd2 Qe1 35. Qb6 Ne2 0-1

[Event "91 Bristol Open Congress"]
[Site "Bristol, United Kingdom"]
[Date "2025.03.29"]
[Round "2.2"]
[White "Badacsonyi, Stanley"]
[Black "Kothari, Jai"]
[Result "1/2-1/2"]
[WhiteElo "2420"]
[BlackElo "2165"]
[PlyCount "74"]
[GameId "2163245596688123"]
[EventDate "2025.03.28"]
[SourceVersionDate "2025.04.02"]

{[%evp 0,60,11,35,15,9,30,8,36,102,54,63,49,96,56,58,63,40,63,45,148,5,0,-10,19,10,43,37,40,48,40,20,160,35,34,-24,-9,-98,19,9,29,80,24,11,17,19,20,116,17,28,24,84,27,44,34,17,47,22,58,99,39,28,48]} 1. d4 Nf6 2. c4 c5 3. d5 b5 4. cxb5 a6 5. e3 g6 6. Nc3 Bg7 7. a4 Bb7 8. e4 O-O 9. Nf3 e6 10. bxa6 Nxa6 11. Be2 exd5 12. exd5 Re8 13. O-O Nxd5 14. Nxd5 Bxd5 15. Qxd5 Rxe2 16. Be3 d6 17. Rad1 Nb4 18. Qc4 Rc2 19. Qf4 d5 20. Bxc5 Rxc5 21. Qxb4 Rc4 22. Qb5 Rcxa4 23. Rxd5 Qb8 24. b3 Rb4 25. Rd8+ Qxd8 26. Qxb4 Rb8 27. Qc4 Rc8 28. Qe4 Qb6 29. Rb1 Bf8 30. h3 Rc6 31. b4 Re6 32. Qd4 Qb5 33. Qd1 Re4 34. Nd4 Qd5 35. Nc2 Qxd1+ 36. Rxd1 Bxb4 37. Nxb4 Rxb4 1/2-1/2

[Event "91 Bristol Open Congress"]
[Site "Bristol, United Kingdom"]
[Date "2025.03.29"]
[Round "2.3"]
[White "Badacsonyi, Frankie"]
[Black "Garcia, Oscar"]
[Result "1-0"]
[WhiteElo "2275"]
[BlackElo "2150"]
[PlyCount "45"]
[GameId "2163247634944303"]
[EventDate "2025.03.28"]
[SourceVersionDate "2025.04.02"]

1. d4 Nf6 2. c4 d6 3. Nc3 e5 4. Nf3 e4 5. Ng5 Bf5 6. g4 Bg6 7. Qb3 b6 8. Bg2 Qe7 9. Qc2 c6 10. Ngxe4 Nxg4 11. Qa4 Qd7 12. h3 Bxe4 13. Nxe4 Nf6 14. Nxf6+ gxf6 15. Bf4 Rg8 16. Bf3 a6 17. O-O-O Ra7 18. Qc2 h6 19. Rdg1 Rxg1+ 20. Rxg1 f5 21. Rg8 Ke7 22. c5 dxc5 23. dxc5 1-0